000
00323nam a2200121Ia 4500
008
210430s9999 xx 000 0 und d
082
_a
547 P 645 O
100
_a
Stanley H.Pine
245
_a
Organic Chemistry
_c
Stanley H.Pine
260
_a
Islamabad
_b
National Book Foundation
_c
2003
300
_a
1187p
942
_c
BK
_2
ddc
999
_c
562484
_d
562484